000 00484nam a2200193 a 4500
001 1766566526864
003 YourLibrary
005 20251226115018.0
008 251224s2009##################000#0#eng##
020 _a9781843835158
082 0 4 _a271.3
_bROB
100 1 _aRobson, Michael,
_eauthor.
245 1 0 _aThe Franciscans in the Middle Ages :
260 _c2009.
300 _a239 pages
650 0 _aHistory.
942 _cENGLISH
040 _aYourLibrary
_beng
_cYourLibrary
999 _c604600
_d604600